000 00407nam a2200169Ia 4500
008 221030s9999 xx 000 0 und d
020 _a8178081636
041 _aEnglish
082 _a105.23
_bFin
100 _aI. L. Finar
245 0 _aOrganic Chemistry Vol. I
_cby I. L. Finar
250 _a6th
260 _bPearson Education
_aNew Delhi
_c2002
300 _a801
650 _aChemistry
942 _cBK
999 _c8011
_d8011